[Event "Uruguay ch 2011"]
[Site "Montevideo URU"]
[Date "2011.03.25"]
[Round "1.1"]
[White "Guerrero, Alvaro"]
[Black "Alonso, Salvador"]
[Result "1/2-1/2"]
[WhiteElo "2216"]
[BlackElo "2467"]
[PlyCount "34"]
[EventDate "2011.03.25"]
[EventType "tourn"]
[EventRounds "11"]
[EventCountry "URU"]
[EventCategory "1"]
[Source "lmi"]
[SourceDate "2011.03.25"]

1. d4 d5 2. c4 c6 3. Nc3 Nf6 4. Nf3 dxc4 5. a4 Bf5 6. e3 e6 7. Bxc4 Bb4 8. O-O
O-O 9. Bd2 Nbd7 10. Nh4 Bg6 11. Nxg6 hxg6 12. Qc2 c5 13. dxc5 Nxc5 14. Rfd1 Qe7
15. Be1 Rfd8 16. Rxd8+ Rxd8 17. Na2 Bxe1 1/2-1/2

[Event "Uruguay ch 2011"]
[Site "Montevideo URU"]
[Date "2011.03.25"]
[Round "1.2"]
[White "Muniz, Rafael"]
[Black "Larrea, Manuel"]
[Result "0-1"]
[WhiteElo "2190"]
[BlackElo "2284"]
[PlyCount "82"]
[EventDate "2011.03.25"]
[EventType "tourn"]
[EventRounds "11"]
[EventCountry "URU"]
[EventCategory "1"]
[Source "lmi"]
[SourceDate "2011.03.25"]

1. e4 c6 2. d4 d5 3. e5 c5 4. dxc5 e6 5. Nf3 Bxc5 6. Bd3 Nc6 7. O-O Nge7 8. a3
Ng6 9. b4 Bb6 10. Bb2 O-O 11. Re1 a6 12. Nbd2 Bd7 13. c4 Qe7 14. Qb3 Rfd8 15.
Rad1 Be8 16. c5 Bc7 17. Bb1 b6 18. cxb6 Bxb6 19. Qd3 Qa7 20. Kh1 Bxf2 21. Rf1
Rdc8 22. Qe2 Bb6 23. Ng5 Qe7 24. Qh5 h6 25. Nxf7 Nf8 26. Nxh6+ gxh6 27. Qxh6
Qg7 28. Rxf8+ Kxf8 29. Rf1+ Bf7 30. Qxe6 Kg8 31. Qh3 Bd4 32. e6 Bg6 33. Bxd4
Nxd4 34. Ba2 Rd8 35. e7 Qxe7 36. Qg4 Qg7 37. Rf4 Nb5 38. Qf3 Qa1+ 39. Nf1 Qxa2
40. Rg4 Qb1 41. Qf6 Rd6 0-1

[Event "Uruguay ch 2011"]
[Site "Montevideo URU"]
[Date "2011.03.25"]
[Round "1.3"]
[White "Rodriguez Vila, Andres"]
[Black "Arcos Facio, Mateo"]
[Result "1-0"]
[WhiteElo "2527"]
[BlackElo "2109"]
[PlyCount "45"]
[EventDate "2011.03.25"]
[EventType "tourn"]
[EventRounds "11"]
[EventCountry "URU"]
[EventCategory "1"]
[Source "lmi"]
[SourceDate "2011.03.25"]

1. e4 e5 2. Bc4 Nf6 3. d3 c6 4. Nf3 d5 5. Bb3 Bd6 6. Nc3 d4 7. Ne2 h6 8. O-O
Nbd7 9. c3 dxc3 10. bxc3 Nc5 11. Bc2 Qc7 12. Nxe5 Bxe5 13. f4 Bg4 14. fxe5 Qxe5
15. d4 Qh5 16. Qe1 Ne6 17. Ng3 Qh4 18. d5 Ng5 19. dxc6 bxc6 20. Ba3 Nd7 21. Ba4
Ne5 22. Bd6 Nd3 23. Qe3 1-0

[Event "Uruguay ch 2011"]
[Site "Montevideo URU"]
[Date "2011.03.25"]
[Round "1.4"]
[White "Arean, Martin"]
[Black "Colombo, Camila"]
[Result "0-1"]
[WhiteElo "1982"]
[BlackElo "2094"]
[PlyCount "82"]
[EventDate "2011.03.25"]
[EventType "tourn"]
[EventRounds "11"]
[EventCountry "URU"]
[EventCategory "1"]
[Source "lmi"]
[SourceDate "2011.03.25"]

1. d4 Nf6 2. c4 g6 3. Nc3 Bg7 4. e4 O-O 5. f3 Nc6 6. Nge2 e5 7. Be3 Nh5 8. d5
Na5 9. Nc1 b6 10. Qd2 Re8 11. b3 d6 12. Bd3 Nb7 13. N1e2 Nc5 14. Bc2 a5 15. g4
Nf4 16. Ng3 Bh6 17. O-O-O Bg7 18. h4 Bd7 19. g5 h5 20. gxh6 Bxh6 21. Rdg1 Kh7
22. Nce2 Qf6 23. Kb1 b5 24. Nxf4 Bxf4 25. Ne2 bxc4 26. bxc4 Reb8+ 27. Ka1 a4
28. Nxf4 Nb3+ 29. Bxb3 axb3 30. Qc3 Rxa2+ 31. Kb1 Rc2 32. Qa1 Qd8 33. h5 g5 34.
Nh3 Bxh3 35. Rxh3 Ra8 36. Ba7 f6 37. Qa4 Ra2 38. Qxb3 R2xa7 39. Kc2 Ra2+ 40.
Kc1 Ra1+ 41. Kc2 Rxg1 0-1

[Event "Uruguay ch 2011"]
[Site "Montevideo URU"]
[Date "2011.03.25"]
[Round "1.5"]
[White "Roselli Mailhe, Bernardo"]
[Black "Crosa Coll, Martin"]
[Result "1/2-1/2"]
[WhiteElo "2420"]
[BlackElo "2354"]
[PlyCount "34"]
[EventDate "2011.03.25"]
[EventType "tourn"]
[EventRounds "11"]
[EventCountry "URU"]
[EventCategory "1"]
[Source "lmi"]
[SourceDate "2011.03.25"]

1. e4 e5 2. Nf3 Nf6 3. Nxe5 d6 4. Nf3 Nxe4 5. Qe2 Qe7 6. d3 Nf6 7. Bg5 Qxe2+ 8.
Bxe2 Be7 9. O-O O-O 10. Nc3 c6 11. Rad1 Re8 12. Rfe1 Nbd7 13. Ne4 d5 14. Nxf6+
Nxf6 15. h3 h6 16. Bc1 Bf5 17. Bf1 Bb4 1/2-1/2

[Event "Uruguay ch 2011"]
[Site "Montevideo URU"]
[Date "2011.03.25"]
[Round "1.6"]
[White "Curi, Gabriel"]
[Black "Granara Barreto, Sebastian"]
[Result "0-1"]
[WhiteElo "2195"]
[BlackElo "2171"]
[PlyCount "80"]
[EventDate "2011.03.25"]
[EventType "tourn"]
[EventRounds "11"]
[EventCountry "URU"]
[EventCategory "1"]
[Source "lmi"]
[SourceDate "2011.03.25"]

1. c4 Nf6 2. Nc3 c6 3. e4 d6 4. d4 e5 5. Nf3 Nbd7 6. Be2 Be7 7. O-O O-O 8. Re1
Ne8 9. Bf1 g6 10. Bh6 Ng7 11. Qd2 exd4 12. Nxd4 Ne5 13. h3 f6 14. Rad1 Qc7 15.
f4 Nf7 16. Bxg7 Kxg7 17. Be2 Kg8 18. Qd3 d5 19. exd5 Qxf4 20. Qe4 Qxe4 21. Nxe4
cxd5 22. cxd5 f5 23. Nc3 Bh4 24. Rf1 Ne5 25. Nf3 Bg3 26. Bb5 a6 27. Ba4 b5 28.
Bb3 Nxf3+ 29. Rxf3 Bd6 30. Ne2 Re8 31. Nd4 Bd7 32. Ne6 Rac8 33. g4 fxg4 34.
hxg4 a5 35. a3 a4 36. Ba2 Rc2 37. Rf2 Rec8 38. Rdf1 Rxf2 39. Rxf2 Bxe6 40. dxe6
Bc5 0-1

[Event "Uruguay ch 2011"]
[Site "Montevideo URU"]
[Date "2011.03.26"]
[Round "2.1"]
[White "Alonso, Salvador"]
[Black "Granara Barreto, Sebastian"]
[Result "1-0"]
[WhiteElo "2467"]
[BlackElo "2171"]
[PlyCount "117"]
[EventDate "2011.03.25"]
[EventType "tourn"]
[EventRounds "11"]
[EventCountry "URU"]
[EventCategory "1"]
[Source "lmi"]
[SourceDate "2011.03.25"]

1. e4 c6 2. d4 d5 3. Nd2 dxe4 4. Nxe4 Bf5 5. Ng3 Bg6 6. h4 h6 7. Nf3 Nd7 8. h5
Bh7 9. Bd3 Bxd3 10. Qxd3 Ngf6 11. Bd2 e6 12. O-O-O Be7 13. Ne4 Nxe4 14. Qxe4
Nf6 15. Qe2 Qd5 16. c4 Qe4 17. Qxe4 Nxe4 18. Be3 Nf6 19. Ne5 Bd6 20. f3 b5 21.
Kb1 O-O 22. Rc1 bxc4 23. Nxc4 Bc7 24. Ne5 c5 25. Rxc5 Bb6 26. Rc4 Rac8 27. g4
Nd5 28. Bf2 Rxc4 29. Nxc4 Rc8 30. Rc1 Nb4 31. Nxb6 Rxc1+ 32. Kxc1 axb6 33. Kd2
Nd5 34. a4 Kf8 35. Kd3 Ke7 36. Kc4 Kd7 37. b4 Kc6 38. b5+ Kd7 39. Bg3 Ne3+ 40.
Kd3 Nd5 41. Be1 Nf4+ 42. Ke4 Nd5 43. Bd2 Kd6 44. Bc1 Nf6+ 45. Kd3 Kd5 46. Ba3
Nd7 47. Be7 e5 48. dxe5 Nxe5+ 49. Kc3 Nd7 50. Kb4 Ke6 51. Bh4 Kd5 52. Bf2 Kd6
53. Bd4 f6 54. Kc4 Ke6 55. f4 Kd6 56. Bc3 Ke6 57. f5+ Kd6 58. Kd4 Ne5 59. Bb4+
1-0

[Event "Uruguay ch 2011"]
[Site "Montevideo URU"]
[Date "2011.03.26"]
[Round "2.2"]
[White "Crosa Coll, Martin"]
[Black "Curi, Gabriel"]
[Result "1/2-1/2"]
[WhiteElo "2354"]
[BlackElo "2195"]
[PlyCount "51"]
[EventDate "2011.03.25"]
[EventType "tourn"]
[EventRounds "11"]
[EventCountry "URU"]
[EventCategory "1"]
[Source "lmi"]
[SourceDate "2011.03.25"]

1. e4 e6 2. d4 d5 3. e5 c5 4. c3 Qb6 5. Nf3 Nc6 6. Be2 Nh6 7. Bd3 Nf5 8. O-O
Be7 9. dxc5 Qxc5 10. b3 Qa5 11. Bb2 O-O 12. Re1 Qd8 13. Na3 f6 14. Bxf5 exf5
15. e6 Bd6 16. Qd3 Be5 17. Nd4 Re8 18. Qxf5 Nxd4 19. cxd4 Bxe6 20. Qf3 Bb8 21.
g3 a6 22. Nc2 Ba7 23. Re2 Qd7 24. Rae1 Bf7 25. Rxe8+ Rxe8 26. Rxe8+ 1/2-1/2

[Event "Uruguay ch 2011"]
[Site "Montevideo URU"]
[Date "2011.03.26"]
[Round "2.4"]
[White "Arcos Facio, Mateo"]
[Black "Arean, Martin"]
[Result "1/2-1/2"]
[WhiteElo "2109"]
[BlackElo "1982"]
[PlyCount "45"]
[EventDate "2011.03.25"]
[EventType "tourn"]
[EventRounds "11"]
[EventCountry "URU"]
[EventCategory "1"]
[Source "lmi"]
[SourceDate "2011.03.25"]

1. e4 c5 2. Nc3 d6 3. Bc4 e6 4. f4 Nc6 5. Nf3 g6 6. O-O Bg7 7. f5 Nf6 8. d3 O-O
9. fxg6 fxg6 10. Qe1 d5 11. Bb3 Nd4 12. Nxd4 cxd4 13. Nb5 Qb6 14. a4 a6 15. Na3
Bd7 16. a5 Qc5 17. Bd2 Ng4 18. Rxf8+ Rxf8 19. exd5 exd5 20. Qe4 Qc7 21. g3 Kh8
22. Bxd5 Nf2 23. Qh4 1/2-1/2

[Event "Uruguay ch 2011"]
[Site "Montevideo URU"]
[Date "2011.03.26"]
[Round "2.5"]
[White "Larrea, Manuel"]
[Black "Rodriguez Vila, Andres"]
[Result "0-1"]
[WhiteElo "2284"]
[BlackElo "2527"]
[PlyCount "64"]
[EventDate "2011.03.25"]
[EventType "tourn"]
[EventRounds "11"]
[EventCountry "URU"]
[EventCategory "1"]
[Source "lmi"]
[SourceDate "2011.03.25"]

1. c4 e5 2. Nc3 Nc6 3. g3 g6 4. Bg2 Bg7 5. e3 d6 6. Nge2 Bd7 7. O-O Qc8 8. Nd5
Nge7 9. b3 h5 10. Bb2 h4 11. f4 hxg3 12. Nxg3 Bh3 13. Qe2 Bxg2 14. Qxg2 Nxd5
15. cxd5 Ne7 16. Rac1 Qd7 17. Rc2 O-O 18. f5 Nxf5 19. Nxf5 gxf5 20. d3 f6 21.
Qg6 Rac8 22. Rg2 c6 23. Rf3 Rf7 24. h4 cxd5 25. Rfg3 d4 26. exd4 f4 27. Rg4 f5
28. Rg5 f3 29. Rf2 e4 30. dxe4 fxe4 31. d5 e3 32. Rh2 f2+ 0-1

[Event "Uruguay ch 2011"]
[Site "Montevideo URU"]
[Date "2011.03.26"]
[Round "2.6"]
[White "Guerrero, Alvaro"]
[Black "Muniz, Rafael"]
[Result "1-0"]
[WhiteElo "2216"]
[BlackElo "2190"]
[PlyCount "109"]
[EventDate "2011.03.25"]
[EventType "tourn"]
[EventRounds "11"]
[EventCountry "URU"]
[EventCategory "1"]
[Source "lmi"]
[SourceDate "2011.03.25"]

1. d4 Nf6 2. c4 c5 3. d5 e5 4. Nc3 d6 5. e4 Nbd7 6. Nge2 h5 7. f3 h4 8. Be3 Be7
9. Qd2 a6 10. Nc1 Nf8 11. Nd3 Ng6 12. a3 Bd7 13. b4 b6 14. Be2 Nh7 15. O-O Bg5
16. bxc5 bxc5 17. Rab1 Bxe3+ 18. Qxe3 Nf6 19. Bd1 Qa5 20. Qc1 O-O 21. Rf2 Rab8
22. Rxb8 Rxb8 23. Rb2 Rxb2 24. Qxb2 Nh5 25. Ne2 Nhf4 26. Nexf4 Nxf4 27. Be2 Qc3
28. Bf1 Qxb2 29. Nxb2 f5 30. exf5 Bxf5 31. g3 hxg3 32. hxg3 Ng6 33. Kf2 Bd7 34.
Nd1 Kf7 35. Nc3 Ke7 36. Bd3 Nf8 37. Ke3 Be8 38. Ne4 Ba4 39. Kd2 Bd7 40. Ke3 Be8
41. Ng5 Ba4 42. Kd2 a5 43. Bc2 Bd7 44. Ke3 g6 45. g4 Bc8 46. Ne4 Nd7 47. Nd2
Nf8 48. Nb3 a4 49. Nd2 Bd7 50. Ne4 Bc8 51. Bxa4 Nd7 52. Bxd7 Bxd7 53. Nc3 Bc8
54. Nb5 g5 55. Nc3 1-0

[Event "Uruguay ch 2011"]
[Site "Montevideo URU"]
[Date "2011.03.27"]
[Round "3.1"]
[White "Muniz, Rafael"]
[Black "Alonso, Salvador"]
[Result "1/2-1/2"]
[WhiteElo "2190"]
[BlackElo "2467"]
[PlyCount "71"]
[EventDate "2011.03.25"]
[EventType "tourn"]
[EventRounds "11"]
[EventCountry "URU"]
[EventCategory "1"]
[Source "lmi"]
[SourceDate "2011.03.25"]

1. e4 c5 2. Nf3 Nc6 3. d4 cxd4 4. Nxd4 g6 5. Nc3 Bg7 6. Be3 Nf6 7. Bc4 O-O 8.
Bb3 a5 9. a4 Ng4 10. Qxg4 Nxd4 11. Qd1 Nxb3 12. cxb3 Ra6 13. O-O Re6 14. Bd4 b6
15. Bxg7 Kxg7 16. Qd4+ f6 17. Rfd1 Rd6 18. Qe3 Rxd1+ 19. Rxd1 Bb7 20. Qd4 d6
21. Rc1 e5 22. Qc4 f5 23. Nb5 Kh8 24. Rd1 Bxe4 25. Nxd6 Qf6 26. Nxe4 fxe4 27.
Qe2 Rd8 28. h3 Rxd1+ 29. Qxd1 Qe6 30. Qc2 Kg8 31. Kf1 Qd6 32. Ke2 Qd4 33. h4 h5
34. Qc8+ Kg7 35. Qc7+ Kf8 36. Qc8+ 1/2-1/2

[Event "Uruguay ch 2011"]
[Site "Montevideo URU"]
[Date "2011.03.27"]
[Round "3.2"]
[White "Rodriguez Vila, Andres"]
[Black "Guerrero, Alvaro"]
[Result "1-0"]
[WhiteElo "2527"]
[BlackElo "2216"]
[PlyCount "117"]
[EventDate "2011.03.25"]
[EventType "tourn"]
[EventRounds "11"]
[EventCountry "URU"]
[EventCategory "1"]
[Source "lmi"]
[SourceDate "2011.03.25"]

1. e4 c6 2. f4 d5 3. e5 h5 4. Be2 g6 5. c3 Bf5 6. Na3 e6 7. Nf3 Nh6 8. O-O Nd7
9. h3 Be4 10. Ng5 Be7 11. d3 Qb6+ 12. Kh1 Bf5 13. Nc2 f6 14. exf6 Nxf6 15. Nd4
c5 16. Qa4+ Kf8 17. Ndf3 Kg7 18. Ne5 Rad8 19. b3 a6 20. c4 Qd6 21. Bb2 d4 22.
Bf3 Rb8 23. Qa5 Bd8 24. Qd2 Bc7 25. Rae1 Qd8 26. a3 Re8 27. b4 Bd6 28. Qe2 Nd7
29. Qd2 Nxe5 30. fxe5 Be7 31. Ne4 b6 32. a4 a5 33. bxa5 bxa5 34. Ba3 Qc7 35.
Nf6 Rh8 36. Bd1 Nf7 37. Rxf5 gxf5 38. Nxh5+ Kf8 39. Nf4 Rh6 40. Qf2 Rb1 41. Qc2
Rb6 42. Bc1 Bg5 43. Bd2 Rb8 44. Qc1 Nxe5 45. Nd5 Bxd2 46. Qxd2 Qg7 47. Rxe5
exd5 48. Rxd5 Rf6 49. Qf4 Re8 50. Bh5 Re1+ 51. Kh2 Qe7 52. Qb8+ Kg7 53. Qc8 Rd6
54. Rxf5 Rd8 55. Rf7+ Qxf7 56. Qg4+ Kf8 57. Bxf7 Kxf7 58. Qh5+ Kf8 59. Qh8+ 1-0

[Event "Uruguay ch 2011"]
[Site "Montevideo URU"]
[Date "2011.03.27"]
[Round "3.3"]
[White "Arean, Martin"]
[Black "Larrea, Manuel"]
[Result "0-1"]
[WhiteElo "1982"]
[BlackElo "2278"]
[PlyCount "72"]
[EventDate "2011.03.25"]
[EventType "tourn"]
[EventRounds "11"]
[EventCountry "URU"]
[EventCategory "1"]
[Source "lmi"]
[SourceDate "2011.03.25"]

1. d4 Nf6 2. c4 g6 3. Nc3 Bg7 4. e4 d6 5. f3 O-O 6. Be3 a6 7. Qd2 Nbd7 8. Nge2
c5 9. Rd1 b6 10. Nc1 cxd4 11. Bxd4 Bb7 12. Be2 Rc8 13. O-O Re8 14. Rfe1 Qc7 15.
Bf1 Qb8 16. Qf2 Bc6 17. Nd3 Ba8 18. Nb4 Nc5 19. Nc2 h5 20. b4 Ncd7 21. a4 e6
22. Rb1 Qc7 23. Rec1 Rb8 24. Ne1 Rec8 25. Nd3 Qd8 26. e5 dxe5 27. Nxe5 Nxe5 28.
Bxe5 Ng4 29. fxg4 Bxe5 30. Rd1 Qc7 31. Rd3 Bxh2+ 32. Kh1 hxg4 33. Rbd1 Qe5 34.
Rd7 Rf8 35. Qh4 Bg3 36. Qxg4 Qh8+ 0-1

[Event "Uruguay ch 2011"]
[Site "Montevideo URU"]
[Date "2011.03.27"]
[Round "3.4"]
[White "Roselli Mailhe, Bernardo"]
[Black "Arcos Facio, Mateo"]
[Result "1-0"]
[WhiteElo "2420"]
[BlackElo "2109"]
[PlyCount "155"]
[EventDate "2011.03.25"]
[EventType "tourn"]
[EventRounds "11"]
[EventCountry "URU"]
[EventCategory "1"]
[Source "lmi"]
[SourceDate "2011.03.25"]

1. d4 Nf6 2. c4 g6 3. Nc3 Bg7 4. e4 d6 5. Nge2 O-O 6. Ng3 c6 7. Be2 a6 8. a4 a5
9. O-O h5 10. Bg5 Nh7 11. Be3 h4 12. Nh1 e5 13. Qd2 Nd7 14. Rad1 Qe7 15. f4
exd4 16. Bxd4 Nhf6 17. Nf2 Nc5 18. Qc2 Re8 19. Bf3 Ne6 20. Be3 Bh6 21. Qd2 Rd8
22. Rfe1 Bd7 23. Qxd6 Qxd6 24. Rxd6 Be8 25. Rxd8 Rxd8 26. g3 hxg3 27. hxg3 Nd7
28. Rd1 Ne5 29. Be2 Rxd1+ 30. Nfxd1 Nd7 31. Kg2 Nec5 32. Nf2 b6 33. e5 Na6 34.
Nfe4 Nb4 35. Nd6 Kf8 36. Bf2 Ke7 37. Nc8+ Kd8 38. Nxb6 Kc7 39. Nxd7 Bxd7 40.
Ne4 Bf8 41. Ng5 c5 42. Nxf7 Bxa4 43. Ng5 Kb6 44. g4 Bc2 45. Kf3 a4 46. Ne4 Na2
47. e6 Kc6 48. f5 gxf5 49. gxf5 Bxe4+ 50. Kxe4 Nc3+ 51. bxc3 a3 52. f6 a2 53.
e7 Bxe7 54. fxe7 Kd7 55. Bh4 a1=Q 56. Bg4+ Kc7 57. e8=Q Qh1+ 58. Kf4 Qxh4 59.
Qc8+ Kb6 60. Qb8+ Kc6 61. Qb5+ Kc7 62. Qxc5+ Kb7 63. Qd5+ Kc7 64. c5 Qf2+ 65.
Bf3 Qh4+ 66. Ke3 Qe1+ 67. Kd3 Qb1+ 68. Kd4 Qg1+ 69. Kc4 Qf1+ 70. Qd3 Qg1 71.
Be4 Qg4 72. Kb5 Qg5 73. Qd6+ Kc8 74. Qf8+ Kc7 75. Qf7+ Kd8 76. Qf8+ Kc7 77. Bf5
Qg8 78. Qxg8 1-0

[Event "Uruguay ch 2011"]
[Site "Montevideo URU"]
[Date "2011.03.27"]
[Round "3.5"]
[White "Curi, Gabriel"]
[Black "Colombo, Camila"]
[Result "1/2-1/2"]
[WhiteElo "2195"]
[BlackElo "2094"]
[PlyCount "80"]
[EventDate "2011.03.25"]
[EventType "tourn"]
[EventRounds "11"]
[EventCountry "URU"]
[EventCategory "1"]
[Source "lmi"]
[SourceDate "2011.03.25"]

1. e4 e6 2. d4 d5 3. e5 c5 4. c3 Nc6 5. Nf3 Qb6 6. a3 Nh6 7. b4 cxd4 8. cxd4
Nf5 9. Bb2 Be7 10. h4 Bd7 11. g4 Nh6 12. Rg1 f6 13. exf6 gxf6 14. Nc3 Nf7 15.
Rc1 a5 16. Na4 Qd8 17. b5 Na7 18. Nc5 b6 19. Nxd7 Qxd7 20. Bd3 Nxb5 21. Qe2
Nbd6 22. g5 Rc8 23. Rxc8+ Qxc8 24. gxf6 Bxf6 25. Ba6 Qd7 26. Ne5 Bxe5 27. dxe5
Nc4 28. Bxc4 dxc4 29. Qxc4 b5 30. Qe4 Nd8 31. Rg3 Qe7 32. Qe2 Qb7 33. Rd3 Qh1+
34. Kd2 Qxh4 35. Rd4 Qh6+ 36. Kd1 O-O 37. Rd6 Qh1+ 38. Kc2 Qg2 39. Bd4 h5 40.
Qxh5 Qe4+ 1/2-1/2

[Event "Uruguay ch 2011"]
[Site "Montevideo URU"]
[Date "2011.03.27"]
[Round "3.6"]
[White "Granara Barreto, Sebastian"]
[Black "Crosa Coll, Martin"]
[Result "1/2-1/2"]
[WhiteElo "2171"]
[BlackElo "2354"]
[PlyCount "65"]
[EventDate "2011.03.25"]
[EventType "tourn"]
[EventRounds "11"]
[EventCountry "URU"]
[EventCategory "1"]
[Source "lmi"]
[SourceDate "2011.03.25"]

1. Nf3 Nf6 2. c4 g6 3. b4 Bg7 4. Bb2 O-O 5. e3 d6 6. d4 Nbd7 7. Qc2 a5 8. a3
axb4 9. axb4 Rxa1 10. Bxa1 e5 11. Nbd2 Re8 12. dxe5 dxe5 13. Be2 e4 14. Nd4 h5
15. O-O Nf8 16. Rd1 Qe7 17. c5 h4 18. Nf1 N8h7 19. Bb5 Rd8 20. Ne2 Rxd1 21.
Qxd1 h3 22. Nf4 hxg2 23. Ng3 Ng5 24. Be2 Nh3+ 25. Nxh3 Bxh3 26. Bxf6 Bxf6 27.
Bg4 Bxg4 28. Qxg4 Qd8 29. Nxe4 Be7 30. Ng3 c6 31. Nf5 Bf8 32. Nd4 Bg7 33. Qe4
1/2-1/2

[Event "Uruguay ch 2011"]
[Site "Montevideo URU"]
[Date "2011.03.27"]
[Round "4.1"]
[White "Alonso, Salvador"]
[Black "Crosa Coll, Martin"]
[Result "1-0"]
[WhiteElo "2467"]
[BlackElo "2354"]
[PlyCount "71"]
[EventDate "2011.03.25"]
[EventType "tourn"]
[EventRounds "11"]
[EventCountry "URU"]
[EventCategory "1"]
[Source "lmi"]
[SourceDate "2011.03.25"]

1. e4 c5 2. Nf3 Nc6 3. d4 cxd4 4. Nxd4 Nf6 5. Nc3 e5 6. Ndb5 d6 7. Bg5 a6 8.
Na3 b5 9. Nd5 Be7 10. Bxf6 Bxf6 11. c4 b4 12. Nc2 Rb8 13. b3 Bg5 14. g3 O-O 15.
Bg2 Qa5 16. O-O Qc5 17. Kh1 Ne7 18. Nxe7+ Bxe7 19. Ne3 g6 20. Qd3 Bb7 21. Rad1
Rfe8 22. f4 exf4 23. gxf4 Qh5 24. Bf3 Qh4 25. e5 Bxf3+ 26. Rxf3 Qh5 27. Qd5
Rbd8 28. e6 fxe6 29. Qxe6+ Kg7 30. Qd5 Qh4 31. Rg1 Rf8 32. Nf5+ Rxf5 33. Qxf5
Rf8 34. Qe6 Rf7 35. f5 Qh5 36. Rgf1 1-0

[Event "Uruguay ch 2011"]
[Site "Montevideo URU"]
[Date "2011.03.27"]
[Round "4.2"]
[White "Colombo, Camila"]
[Black "Granara Barreto, Sebastian"]
[Result "1/2-1/2"]
[WhiteElo "2094"]
[BlackElo "2171"]
[PlyCount "58"]
[EventDate "2011.03.25"]
[EventType "tourn"]
[EventRounds "11"]
[EventCountry "URU"]
[EventCategory "1"]
[Source "lmi"]
[SourceDate "2011.03.25"]

1. d4 c5 2. d5 Nf6 3. c4 e5 4. Nc3 d6 5. e4 Be7 6. Bd3 Nbd7 7. h3 h5 8. g3 a6
9. Bd2 h4 10. g4 Nf8 11. a3 N6h7 12. Nf3 Ng5 13. Ng1 Bd7 14. b4 b6 15. Qb3 Ng6
16. f3 O-O 17. Nd1 Nf4 18. Bf1 Bf6 19. Ne2 b5 20. Nxf4 exf4 21. Rc1 bxc4 22.
Bxc4 cxb4 23. axb4 Be5 24. Kf1 Qb6 25. Kg2 Rfc8 26. Nf2 Bd4 27. Nd1 Be5 28. Nf2
Bd4 29. Nd1 Be5 1/2-1/2

[Event "Uruguay ch 2011"]
[Site "Montevideo URU"]
[Date "2011.03.27"]
[Round "4.3"]
[White "Arcos Facio, Mateo"]
[Black "Curi, Gabriel"]
[Result "1/2-1/2"]
[WhiteElo "2098"]
[BlackElo "2195"]
[PlyCount "25"]
[EventDate "2011.03.25"]
[EventType "tourn"]
[EventRounds "11"]
[EventCountry "URU"]
[EventCategory "1"]
[Source "lmi"]
[SourceDate "2011.03.25"]

1. e4 e6 2. d4 d5 3. Nc3 Nf6 4. Bg5 dxe4 5. Nxe4 Be7 6. Bxf6 Bxf6 7. Nf3 O-O 8.
c3 Nd7 9. Bd3 e5 10. Nxf6+ Qxf6 11. dxe5 Nxe5 12. Nxe5 Qxe5+ 13. Qe2 1/2-1/2

[Event "Uruguay ch 2011"]
[Site "Montevideo URU"]
[Date "2011.03.27"]
[Round "4.4"]
[White "Larrea, Manuel"]
[Black "Roselli Mailhe, Bernardo"]
[Result "0-1"]
[WhiteElo "2284"]
[BlackElo "2420"]
[PlyCount "94"]
[EventDate "2011.03.25"]
[EventType "tourn"]
[EventRounds "11"]
[EventCountry "URU"]
[EventCategory "1"]
[Source "lmi"]
[SourceDate "2011.03.25"]

1. c4 e6 2. Nf3 d5 3. g3 c5 4. Bg2 d4 5. b4 cxb4 6. a3 Nc6 7. O-O bxa3 8. d3
Nf6 9. Qa4 Nd7 10. Bxa3 Bxa3 11. Nxa3 O-O 12. Nb5 e5 13. Qa3 a5 14. Rfb1 Ra6
15. Qd6 Nb4 16. Qc7 Qf6 17. Nd2 Qh6 18. Ne4 Rc6 19. Qxa5 Nc2 20. Na7 Ra6 21.
Qc7 Rxa1 22. Rxa1 Nxa1 23. Nxc8 Qc1+ 24. Bf1 Nf6 25. Ne7+ Kh8 26. Nxf6 gxf6 27.
Qd6 Kg7 28. Nf5+ Kg6 29. Qxf8 Kxf5 30. Qxf7 Nb3 31. Qxh7+ Ke6 32. Qxb7 Nd2 33.
Qg2 e4 34. dxe4 Nxc4 35. h4 Kf7 36. Qh3 Nd2 37. e5 fxe5 38. h5 Kg7 39. g4 Ne4
40. Qf3 Nd2 41. Qg2 e4 42. g5 Nxf1 43. h6+ Kh8 44. Qxf1 Qxg5+ 45. Qg2 Qc1+ 46.
Kh2 Qxh6+ 47. Qh3 Qxh3+ 0-1

[Event "Uruguay ch 2011"]
[Site "Montevideo URU"]
[Date "2011.03.27"]
[Round "4.5"]
[White "Guerrero, Alvaro"]
[Black "Arean, Martin"]
[Result "1-0"]
[WhiteElo "2216"]
[BlackElo "1982"]
[PlyCount "85"]
[EventDate "2011.03.25"]
[EventType "tourn"]
[EventRounds "11"]
[EventCountry "URU"]
[EventCategory "1"]
[Source "lmi"]
[SourceDate "2011.03.25"]

1. d4 Nf6 2. c4 e6 3. Nc3 Bb4 4. f3 c5 5. d5 b5 6. e4 bxc4 7. Bxc4 exd5 8. Bxd5
Nxd5 9. Qxd5 Nc6 10. Nge2 Ba6 11. Kf2 O-O 12. Rb1 Re8 13. Bf4 Qb6 14. a3 Bxc3
15. Nxc3 d6 16. Rhd1 Rad8 17. Kg1 c4+ 18. Kh1 Ne5 19. Qd4 Nd3 20. Qxb6 axb6 21.
Be3 d5 22. Bxb6 d4 23. Nd5 Nf2+ 24. Kg1 Nxd1 25. Rxd1 Rb8 26. Bxd4 Bb5 27. Kf2
Bc6 28. Ne3 Ba4 29. Rd2 Rbc8 30. Nf5 Rcd8 31. Ke3 f6 32. h4 Kf7 33. g4 Rd7 34.
g5 Rb8 35. gxf6 Rb3+ 36. Bc3 Rxd2 37. Kxd2 gxf6 38. Nd6+ Ke6 39. Nxc4 Rb8 40.
Ke3 Bb5 41. Nd2 Rd8 42. Nb3 Rd1 43. Nd4+ 1-0

[Event "Uruguay ch 2011"]
[Site "Montevideo URU"]
[Date "2011.03.27"]
[Round "4.6"]
[White "Muniz, Rafael"]
[Black "Rodriguez Vila, Andres"]
[Result "0-1"]
[WhiteElo "2190"]
[BlackElo "2527"]
[PlyCount "58"]
[EventDate "2011.03.25"]
[EventType "tourn"]
[EventRounds "11"]
[EventCountry "URU"]
[EventCategory "1"]
[Source "lmi"]
[SourceDate "2011.03.25"]

1. e4 c5 2. Nf3 e6 3. d4 cxd4 4. Nxd4 a6 5. Bd3 Qb6 6. Nb3 d6 7. O-O Nf6 8. Be3
Qc7 9. c4 Be7 10. Nc3 O-O 11. f4 Nbd7 12. Qf3 Rb8 13. Rac1 b6 14. Qg3 Nh5 15.
Qh3 g6 16. g4 Ng7 17. Bd4 Qd8 18. Qh6 e5 19. Rf3 Nf6 20. h3 exd4 21. Nd5 Kh8
22. Nxf6 Bxf6 23. g5 Be7 24. Nxd4 b5 25. c5 dxc5 26. Nc6 Qd6 27. Nxb8 Bb7 28.
f5 Nxf5 29. Rxf5 Qxd3 0-1

[Event "Uruguay ch 2011"]
[Site "Montevideo URU"]
[Date "2011.03.28"]
[Round "5.1"]
[White "Rodriguez Vila, Andres"]
[Black "Alonso, Salvador"]
[Result "1/2-1/2"]
[WhiteElo "2527"]
[BlackElo "2467"]
[PlyCount "100"]
[EventDate "2011.03.25"]
[EventType "tourn"]
[EventRounds "11"]
[EventCountry "URU"]
[EventCategory "1"]
[Source "lmi"]
[SourceDate "2011.03.25"]

1. e4 c5 2. Nf3 Nc6 3. d4 cxd4 4. Nxd4 g6 5. c4 Bg7 6. Be3 Nf6 7. Nc3 O-O 8.
Be2 Nxd4 9. Bxd4 d6 10. O-O Bd7 11. b4 a5 12. a3 Be6 13. Qb3 Qc7 14. Rac1 axb4
15. axb4 Rfc8 16. Qb2 Qd8 17. Nd5 Bxd5 18. exd5 Qf8 19. Rfe1 Nd7 20. c5 dxc5
21. Bxg7 Qxg7 22. Qxg7+ Kxg7 23. Bg4 f5 24. Rxe7+ Kf6 25. Rxd7 cxb4 26. Rb1
fxg4 27. Rxh7 Ra2 28. Rxb7 Rb2 29. Re1 Rcc2 30. Rb8 Kg7 31. h4 gxh3 32. Re7+
Kh6 33. Rh8+ Kg5 34. Rxh3 Rxf2 35. Rg3+ Kf6 36. Re6+ Kf7 37. Rexg6 Rfd2 38. Rd6
Rd1+ 39. Kh2 Rbd2 40. Rf3+ Kg7 41. Rd7+ Kg6 42. Rd8 Rxd5 43. Rg8+ Kh7 44. Rg4
Rh5+ 45. Kg3 Rd7 46. Rxb4 Rg7+ 47. Kf2 Rh2 48. Rg3 Rh6 49. Rxg7+ Kxg7 50. Rb7+
Kg8 1/2-1/2